| 000 | 00917nam a2200253 a 4500 | ||
|---|---|---|---|
| 999 |
_c12407 _d12407 |
||
| 001 | 12407 | ||
| 003 | BD-JhCC | ||
| 005 | 20220206123226.0 | ||
| 008 | 220206b2020 bg |||| ||a| 000 0 ben d | ||
| 020 | _a9789848041734 | ||
| 035 | _a(BD-JhCC)12407 | ||
| 040 |
_aBD-JhCC _dBD-JhCC |
||
| 041 | _aBengali | ||
| 082 |
_a297.83 _bMUB 2020 |
||
| 100 | _aমুবারক,ইমাম আবদুল্লাহ ইবনুল | ||
| 245 |
_aমুমিনের পাথেয় / _cইমাম আবদুল্লাহ ইবনুল মুবারক, অনু: আবদুস সাত্তার আইনী। |
||
| 260 |
_aঢাকা : _bমাকতাবাতুল বায়ান; _c২০২০. |
||
| 300 |
_a248 p. : _c22 cm. |
||
| 650 | _aDawah (Islam) | ||
| 650 | _aMuslims | ||
| 700 | _aআইনী,আবদুস সাত্তার | ||
| 942 |
_2ddc _cBK |
||